5-Letter Word Chain - Statistics

General Stats
  • This quiz has been taken 148 times
    118 since last reset
  • The average score is 14 of 20
Answer Stats
Hint Answer % Correct
Not tomorrow Today
100%
A large, recreational boat Yacht
96%
Part of the mouth Teeth
95%
A language common in India Hindi
91%
Planet Earth
86%
Cardinal direction North
82%
A form of transportation Train
77%
Split in two Halve
75%
Japanese noodles Ramen
71%
Japaneses graphics or comic strips Manga
67%
A form of poetry Haiku
66%
A figurative phrase with a non-literal meaning Idiom
66%
Bushy and unshaven Hairy
63%
A joint in the body Ankle
57%
A country Yemen
57%
A country Egypt
49%
Nose Nasal
49%
Open sore found on the body Ulcer
47%
To work Labor
46%
Land for cattle Ranch
44%
No matching quizzes found
Score Distribution
Percent of People with Each Score
Percentile by Number Answered
Your Score History
You have not taken this quiz since the last reset